Statistics for Hyundai A-League Teams

Click here to take the quiz!

General Stats

  • This quiz has been taken 136 times
    (90 since last reset)
  • The average score is 11 of 15

Answer Stats

Answer% Correct
Perth Glory
95%
Brisbane Roar
93%
Melbourne Victory
91%
Melbourne City
88%
Sydney FC
86%
Adelaide United
85%
Newcastle Jets
85%
Western Sydney Wanderers
85%
Wellington Phoenix
84%
Central Coast Mariners
82%
Western United
62%
Gold Coast United
55%
New Zealand Knights
34%
North Queensland Fury
34%
Macarthur FC
23%

Score Distribution

Percentile by Number Answered

Percent of People with Each Score

Your Score History

You have not taken this quiz since the last reset